000 02248cam a22005054i 4500
003 PE-LiUPU
005 20250731173504.0
008 150616s1993 miu r 000 0 eng d
020 _a0801082323
020 _a9780801082320
035 _a(Sirsi) i9780801082320
040 _aPE-LiUPU
_bspa
_cPE-LiUPU
_erda
_dPE-LiUPU
049 _aPRUA
082 0 4 _a270.9
_bS31
_221
100 1 _aSchaff, Philip,
_eautor.
245 1 4 _aThe Creeds The Creeds of Christendom With a History and Critical Notes.
_n3.
264 1 _aGrand Rapids, Michigan :
_bBaker Books,
_c1993.
300 _a966 páginas ;
_c21 centímetros
336 _atext
_2rdacontent
337 _aunmediated
_2rdamedia
338 _avolume
_2rdacarrier
505 0 _aVolumen 1,
_tThe history of creeds.
_aOn creeds in general -- The cecumenical creeds -- The creeds og the greek church -- The creeds of the Roman church -- The creeds of the evangelical protestant churches -- The creeds of the evangelical lutheran church -- The creeds of the evangelical reformed churches -- The creeds of modern evangelical denominations.
505 0 _aThe creeds of the evangelical Protestant Churches -- Churches.
526 _aSEG42
526 _aSEG41
526 _aSEG40
526 _aSEG39
526 _aP94
526 _aP87
526 _aP86
526 _aP85
526 _aP77
526 _aP76
526 _aP35
650 0 4 _aLUTERO, MARTIN, 1483-1546 - OBRAS.
910 _ajck
_bjvq
_cjck
942 _2ddc
_cBOOK
949 _a270.9 S31 1
_wDEWEY
_c1
_i40389
_lCCODEBUL1
_mBUL
_r0
_sY
_tBOOK
_u2015-6-16
_xTEOLOGIA
_zUNKNOWN
_0COMPRA
_o.STAFF. Colección Teología
949 _a270.9 S31 3
_wDEWEY
_c1
_i40391
_lCCODEBUL1
_mBUL
_r0
_sY
_tBOOK
_u2015-6-16
_xTEOLOGIA
_zUNKNOWN
_0COMPRA
_o.STAFF. Colección Teología
994 _aC0
_bPEPRU
596 _a1
999 _a270.9 S31 1
_wDEWEY
_c58192
_i40389
_e2017-3-30
_f2021-11-11
_g5
_lCCODEBUL1
_mBUL
_n1
_p25.00
_r0
_sY
_tBOOK
_u2015-6-16
_xTEOLOGIA
_PP35
_0COMPRA
_o.STAFF. Colección Teología
_d58192
999 _a270.9 S31 3
_wDEWEY
_c1
_i40391
_e2017-3-30
_f2021-11-11
_g5
_lCCODEBUL1
_mBUL
_n1
_p25.00
_r0
_sY
_tBOOK
_u2015-6-16
_xTEOLOGIA
_PP35
_0COMPRA
_o.STAFF. Colección Teología
980 _81
_gALBERTO SANCHEZ Responsable de Automatización